00510nam a2200193 a 4500001001300000003000900013005001700022008004100039020002200080082001500102100002600117245003800143260002500181300000800206500003500214505002100249650002000270700002600290nice12345678IN_TiNIC20260116013300.0050524s1999 dela grp 000 0 eng  a8172143 c7000a281.7bGRE aGregorios, Paulos Mar aIntroducing the Orthodox Churches aDelhi bISPCK c1999 a76p aincludes index and biblioraphy2 aScripture Index. aChurch-Orthodox1 aGregorios, Paulos Mar